Spolupráce mezi ČSÚ a Univerzitou Tomáše Bati ve Zlíne

Informácia o 3-ročnej spolupráci medzi Českým štatistickým úradom a Univerzitou T. Baťa v Zlíne, o formách a spôsoboch spolupráce. Opis Dohody o spolupráci.

Salvato in:
Dettagli Bibliografici
Autore principale: Hrbáček, Pavel
Altri autori: Stříž, Pavel
Natura: Capitolo di libro
Lingua:ceco
Soggetti:
Tags: Aggiungi Tag
Nessun Tag, puoi essere il primo ad aggiungerne!!

MARC

LEADER 00000naa$a2200000$$$4500
001 0075284
005 20221019112958.3
041 0 |a cze 
044 |a SK 
245 1 0 |a Spolupráce mezi ČSÚ a Univerzitou Tomáše Bati ve Zlíne  |c Pavel Hrbáček, Pavel Stříž 
520 |a Informácia o 3-ročnej spolupráci medzi Českým štatistickým úradom a Univerzitou T. Baťa v Zlíne, o formách a spôsoboch spolupráce. Opis Dohody o spolupráci. 
610 2 0 |a informácie štatistické 
610 2 0 |a spolupráca vedecká 
610 2 0 |a úrady štatistické 
610 2 0 |a univerzity 
610 2 0 |a štúdium vysokoškolské 
610 2 0 |a Česko 
100 1 |a Hrbáček, Pavel 
700 1 |a Stříž, Pavel